| 000 | 00478nam a2200169Ia 4500 | ||
|---|---|---|---|
| 005 | 20250508153050.0 | ||
| 008 | 008 250505s9999 xx 000 0 eng d | ||
| 037 | _aBooks to be hide in OPAC | ||
| 040 |
_aFEDL _beng _cFEDL |
||
| 041 |
_aeng _2eng |
||
| 084 |
_a334.5, SOO/O _qFEDL |
||
| 100 |
_aSood Prem Sagar _9763098 |
||
| 245 | 0 | _aEconomics and methods of consumers co-operation | |
| 300 | _a50p. | ||
| 942 |
_cHB _h334.5, SOO/O |
||
| 999 |
_c1340482 _d1340482 |
||